01715nam a2200397 i 4500001000700000003000900007005001700016008004100033020002500074080001000099080000700109100002900116245003300145250001200178260003500190300003400225490003600259500001500295505029100310594009500601597002600696650002600722650003000748650003200778700003400810700003100844710003700875740003900912740004100951740005100992740004601043830004401089852004301133999001901176952012201195178792ES-MaACL20250812051530.0110629s2005 sp acop |||| |dspa d a84-233-3779-0 (v. 1) a7.036 a751 aDalí, Salvador.94248310aEnsayos / cSalvador Dalí. a1ª ed. aBarcelona : bDestino, c2005. a2 v. : bil., fot. ; c18 cm.1 aObra literaria completa ; v4-5 aÍndices.8 aContiene: v. 1. Artículos, 1919-1986 / redición y notas de Juan José Lahuerta (1206 p.) -- v. 2. -- t50 Secretos mágicos para pintar ;tLos cornudos del viejo arte moderno ; tEl mito trágico de "El Ángelus" de Millet / rprólogo y notas de Juan Manuel Bonet (586 p.) aEn port.: Fundació Gala-Salvador Dalí. Sociedad Estatal de Conmemoraciones Culturales. aGuardados en estuche. 7aArte-yS.XX29141916 4aSurrealismo (Arte)91726704aPintura-xTécnica.9160121 aLahuerta, Juan José.9696601 aBonet, Juan Manuel.9301212 aFundación Gala-Dalí.91436420 a50 secretos mágicos para pintar.4 aLos cornudos del viejo arte moderno.3 aEl mito trágico de "El Ángelus" de Millet.0 aCincuenta secretos mágicos para pintar.0 aObra literaria completa ; v4-59191031 aES-MaACLjP-2003 z. - Enc. tela malva c178792d178792 00104070aATENEOMbATENEOMcDEPO2d2011-06-29eDONl0oP-2003p1187807r2023-02-23 00:00:00w2023-02-23yMONOGRAFIA